Sustainable development of tourism : a compilation of good practices = Desarrollo sostenible del turismo : una compilacion de buenas practicas = Developpement durable du tourisme : une compilation de bonnes pratiques
Αποθηκεύτηκε σε:
| Συγγραφή απο Οργανισμό/Αρχή: | |
|---|---|
| Μορφή: | Βιβλίο |
| Γλώσσα: | Multiple |
| Δημοσίευση: |
[Spain] :
World Tourism Organization,
2000
|
| Θέματα: | |
| Ετικέτες: |
Προσθήκη ετικέτας
Δεν υπάρχουν, Καταχωρήστε ετικέτα πρώτοι!
|
MARC
| LEADER | 00000nam a2200000 i 4500 | ||
|---|---|---|---|
| 001 | 1/78377 | ||
| 008 | 050609s2000 mul d | ||
| 020 | |a 92-844-0372-3 | ||
| 035 | |l 10078486 | ||
| 040 | |a GR-MY-UA |b gre |e aacr | ||
| 041 | 0 | |a mul | |
| 082 | 0 | |a 338.4791 |2 (22) | |
| 110 | 2 | |a World Tourism Organization. | |
| 245 | 1 | 0 | |a Sustainable development of tourism : |b a compilation of good practices = Desarrollo sostenible del turismo : una compilacion de buenas practicas = Developpement durable du tourisme : une compilation de bonnes pratiques / |c World Tourism Organization |
| 260 | |a [Spain] : |b World Tourism Organization, |c 2000 | ||
| 300 | |a 185 σ.; |c 30 εκ. | ||
| 650 | 0 | 0 | |a Ecotourism. |
| 650 | 0 | 0 | |a Tourism |x Environmental aspects. |
| 650 | 0 | 0 | |a Sustainable development. |
| 852 | |a INST |b LESVOS |e 20050609 |h 338.4791 WOR |p 005100032334 |q 005100032334 |t BK |y 0 | ||
| 852 | |a INST |b LESVOS |e 20050609 |h 338.4791 WOR |p 005100032335 |q 005100032335 |t BK |y 0 | ||
| 901 | |a BIBL1-2005-2 | ||
| 909 | |a Λ |b 114917 | ||
| 909 | |a Λ |b 114916 | ||
| 920 | |a ΔΙΕΥΡΥΝΣΗ |b ΕΠΕΑΕΚ-ΠΤΕ |y ΛΕΣΒΟΣ |z 2004-10 | ||
| 970 | |a ΜΑΡΙΝΑΤΟΥ |b ΜΥΡΣΙΝΗ |z 2005/06/09 | ||